| Поле | Инд. | ПП | Название | Значение |
|---|---|---|---|---|
| Тип записи | a | |||
| Библиографический уровень | a | |||
| 001 | Контрольный номер | ac7e964e3e6849e0a44486c3b072d2ff | ||
| 005 | Дата корректировки | 20190201104509.2 | ||
| 100 | a | Данные общей обработки | 20190201 ||| 0rusy0189 ca | |
| 101 | 0_ | a | Язык текста | rus |
| 102 | a | Страна публикации | RU | |
| 200 | 1_ | f | Первые сведения об ответственности | Н.Н. Загвоздкин, С.А. Кузора |
| a | Заглавие | Запрет определенных действий. Анализ правоприменительной практики | ||
| b | Общее обозначение материала | Электронный ресурс | ||
| 210 | 1_ | d | Дата издания | 2018 |
| 461 | _0 | 1 | 2000 | |
| a | Закон и право | |||
| 463 | _0 | 1 | 2000 | |
| a | № 12 | |||
| v | С. 84-86 | |||
| 1 | 2101 | |||
| d | 2018 | |||
| 1 | 0015f466bb8753f44a98aa773b211b7b3ee | |||
| 606 | a | Основная рубрика | Уголовно-процессуальное право | |
| 610 | 0_ | a | Ключевые слова | УГОЛОВНЫЙ ПРОЦЕСС |
| a | Ключевые слова | МЕРЫ ПРЕСЕЧЕНИЯ | ||
| a | Ключевые слова | АРЕСТ ДОМАШНИЙ | ||
| a | Ключевые слова | ЗАЛОГ | ||
| 700 | _1 | a | Фамилия | Загвоздкин |
| b | Имя | Н.Н. | ||
| 701 | _1 | a | Фамилия | Кузора |
| b | Имя | С.А. | ||
| 801 | _0 | a | Страна | RU |
| b | Организация | РГУП | ||
| c | Дата составления | 20190201 | ||
| g | Правила каталогизации | PSBO | ||
| 801 | _1 | a | Страна | RU |
| b | Организация | РГУП | ||
| c | Дата составления | 20190201 | ||
| g | Правила каталогизации | PSBO | ||
| 901 | t | Тип документа | b | |
| w | Контрольный № источника | 5f466bb8753f44a98aa773b211b7b3ee | ||
| 905 | a | Дата ввода | 20190201 |